Computers and Computation (Record no. 247686)

MARC details
000 -LEADER
fixed length control field 00473nam a2200193Ia 4500
008 - FIXED-LENGTH DATA ELEMENTS--GENERAL INFORMATION
fixed length control field 240921s9999||||xx |||||||||||||| ||und||
082 ## - DEWEY DECIMAL CLASSIFICATION NUMBER
-- 004 L1
100 ## - MAIN ENTRY--PERSONAL NAME
Personal name Fenichel,Robert R
245 #0 - TITLE STATEMENT
Title Computers and Computation
250 ## - EDITION STATEMENT
Edition statement 1st
260 ## - PUBLICATION, DISTRIBUTION, ETC. (IMPRINT)
Date of publication, distribution, etc 1971
Name of publisher, distributor, etc W H Freeman,San Fransisco
500 ## - GENERAL NOTE
General note Models
650 ## - SUBJECT ADDED ENTRY--TOPICAL TERM
Topical term or geographic name as entry element Computation
700 ## - ADDED ENTRY--PERSONAL NAME
Personal name Weizenbaum,Joseph
942 ## - ADDED ENTRY ELEMENTS (KOHA)
Item type Books
Holdings
Withdrawn status Lost status Damaged status Permanent location Current location Date acquired Source of acquisition Cost, normal purchase price Full call number Barcode Date last seen Koha item type
      CENTRAL LIBRARY, NOORUL ISLAM CENTRE FOR HIGHER EDUCATION CENTRAL LIBRARY, NOORUL ISLAM CENTRE FOR HIGHER EDUCATION 05/09/2003 Higginbothams Private Ltd 75.00 004 L1 641 09/21/2024 Books
Visitors:
Copyright © 2024 Central Library NICHE.  All rights reserved.